000 006500000a22001810004500
003 MACL
005 20160520113844.0
008 160520b xxu||||| |||| 00| 0 eng d
040 _aMACL
_cMACL
041 _aHindi
082 _a891.433
100 _aवंघोपाध्‍याय, ताराशंकर
_958343
245 _aहैडमास्‍टर तथा अन्‍य कहानियॉ
_cताराशंकर वंघोपाध्‍याय
260 _bप्रेमनाथ एंड संस
_c2001
_aदिल्‍ली
350 _a150
650 _aStory
_958344
942 _cHIN
_k800/VAN/S
_2ddc
999 _c11052
_d11052